[Event "Barbera del Valles"]
[Site "XXXI Open del Valles"]
[Date "2008.07.07"]
[Round "3"]
[White "Gonzalez Vidal, Yuri"]
[Black "Czakon, Jakub"]
[Result "1-0"]
[WhiteElo "2464"]
[BlackElo "2510"]
[PlyCount "85"]
[EventDate "2008.07.??"]
[EventType "swiss"]
[EventRounds "9"]
[EventCountry "ESP"]
[SourceDate "2008.07.04"]

1. d4 Nf6 2. c4 e6 3. Nc3 Bb4 4. e3 O-O 5. Nge2 d5 6. a3 Be7 7. cxd5 exd5 8. g3
a5 9. Bg2 Na6 10. O-O Re8 11. b3 c6 12. f3 c5 13. g4 Nc7 14. f4 h6 15. Ng3 Ra6
16. g5 Nh7 17. h4 b5 18. Qf3 Bb7 19. Nf5 Bf8 20. dxc5 Bxc5 21. Rd1 hxg5 22.
hxg5 Nxg5 23. fxg5 Qxg5 24. Qg3 Qxf5 25. Qxc7 Rg6 26. Rf1 Qg4 27. Rf2 Rxe3 28.
Bxe3 Bxe3 29. Qb8+ Kh7 30. Qh2+ Rh6 31. Qe5 Re6 32. Qh2+ Rh6 33. Qe5 d4 34. Nd5
Bxd5 35. Qxd5 Rf6 36. Qe4+ Qxe4 37. Bxe4+ g6 38. Raf1 Re6 39. Bd3 b4 40. axb4
axb4 41. Kg2 Bxf2 42. Rxf2 f5 43. Rxf5 1-0

[Event "Barbera del Valles"]
[Site "XXXI Open del Valles"]
[Date "2008.07.07"]
[Round "3"]
[White "Ipatov, Alexander"]
[Black "Cuartas, Jaime Alexander"]
[Result "1-0"]
[WhiteElo "2433"]
[BlackElo "2495"]
[PlyCount "93"]
[EventDate "2008.07.??"]
[EventType "swiss"]
[EventRounds "9"]
[EventCountry "ESP"]
[SourceDate "2008.07.04"]

1. d4 d5 2. c4 c6 3. cxd5 cxd5 4. Bf4 Nc6 5. e3 Nf6 6. Nc3 a6 7. Bd3 g6 8. Nf3
Bg4 9. h3 Bxf3 10. Qxf3 Bg7 11. O-O e6 12. Rac1 Nh5 13. Bh2 O-O 14. Qd1 Nf6 15.
Na4 Nd7 16. Bd6 Re8 17. Qb3 Na5 18. Qb4 Bf8 19. Bxf8 Rxf8 20. Nc5 Nxc5 21. Rxc5
Qd6 22. a3 b6 23. Rc3 Rfd8 24. Rfc1 Kg7 25. Qxd6 Rxd6 26. b4 Nb7 27. Rc7 Nd8
28. a4 a5 29. b5 Kf8 30. g4 h6 31. h4 g5 32. h5 Kg7 33. f4 Kf6 34. Kf2 Rb8 35.
Kf3 Ra8 36. R1c3 Rb8 37. Ra7 Rb7 38. Rxb7 Nxb7 39. Rc7 Nd8 40. Bc2 Kg7 41. Bb3
Kf6 42. Ba2 Kg7 43. e4 dxe4+ 44. Kxe4 gxf4 45. Ke5 Nb7 46. Rxb7 Rd8 47. Bxe6
1-0

[Event "Barbera del Valles"]
[Site "XXXI Open del Valles"]
[Date "2008.07.07"]
[Round "3"]
[White "Matnadze, Ana"]
[Black "Rojas, Luis"]
[Result "1-0"]
[WhiteElo "2411"]
[BlackElo "2406"]
[PlyCount "59"]
[EventDate "2008.07.??"]
[EventType "swiss"]
[EventRounds "9"]
[EventCountry "ESP"]
[SourceDate "2008.07.04"]

1. d4 d5 2. g3 Nf6 3. Bg2 c6 4. Nf3 Bf5 5. c4 e6 6. Nc3 Nbd7 7. O-O Be7 8. Qb3
Qb6 9. c5 Qa6 10. Re1 b6 11. cxb6 axb6 12. Nh4 O-O 13. Bg5 Rfe8 14. f3 h6 15.
Nxf5 hxg5 16. Nxe7+ Rxe7 17. e4 dxe4 18. fxe4 e5 19. d5 Nc5 20. Qc2 Qc4 21. Bf1
Qd4+ 22. Kg2 Ng4 23. dxc6 Re6 24. Rad1 Ne3+ 25. Rxe3 Qxe3 26. c7 Kh7 27. Rd8
Re8 28. Nd5 Qe1 29. Rxa8 Rxa8 30. Nxb6 1-0

[Event "Barbera del Valles"]
[Site "XXXI Open del Valles"]
[Date "2008.07.07"]
[Round "3"]
[White "Mihailovs, Jurijs"]
[Black "Barsov, Alexei"]
[Result "0-1"]
[WhiteElo "2388"]
[BlackElo "2481"]
[PlyCount "138"]
[EventDate "2008.07.??"]
[EventType "swiss"]
[EventRounds "9"]
[EventCountry "ESP"]
[SourceDate "2008.07.04"]

1. d4 Nf6 2. c4 e6 3. Nf3 d5 4. Nc3 c6 5. cxd5 exd5 6. Qc2 Be7 7. Bg5 g6 8. e3
Bf5 9. Bd3 Bxd3 10. Qxd3 Nbd7 11. h3 O-O 12. Bh6 Re8 13. O-O Bd6 14. Nd2 Qe7
15. Bg5 Qe6 16. Ne2 $11 Nh5 17. Rae1 Kg7 18. g4 h6 19. Bh4 g5 20. Ng3 Nxg3 21.
Bxg3 Bxg3 22. fxg3 Nf6 23. Rf5 Re7 24. Ref1 Ne8 25. Re5 Qd6 26. Qf5 f6 27.
Rxe7+ Qxe7 28. Qf3 Nd6 29. Kg2 Re8 30. Rf2 Qd8 31. Re2 Qa5 32. Rf2 Qd8 33. Re2
a5 34. a4 Qb6 35. Rf2 Re6 36. b3 Qb4 37. Re2 Qc3 38. Qf2 Qd3 39. Qf3 Kf7 40.
Qf2 Ke7 41. Qf3 Kd7 42. h4 Kc7 43. h5 Kb6 44. Qf2 Ka6 45. Qf3 b6 46. e4 Qxd4
47. exd5 Qxd5 48. Rxe6 Qxe6 49. Qxc6 Ka7 50. Qc7+ Nb7 51. Qc3 Qe2+ 52. Kh3 Qe1
53. Kg2 Nc5 54. Qd4 Qe2+ 55. Kg1 Qe6 56. Kg2 Kb7 57. Kf2 Kc7 58. Qc3 Kd7 59.
Qd4+ Kc7 60. Qc3 Qd5 61. Kg1 Kb8 62. Qe3 Qd7 63. Nc4 Kc7 64. Qf3 Qd4+ 65. Kh2
Nd3 66. Qf5 Nf2 67. Qh7+ Kc6 68. Kg2 Nxg4 69. Qe7 Qf2+ 0-1

[Event "Barbera del Valles"]
[Site "XXXI Open del Valles"]
[Date "2008.07.07"]
[Round "3"]
[White "Guramishvili, Sopiko"]
[Black "Asis Gargatagli, Hipolit"]
[Result "0-1"]
[WhiteElo "2302"]
[BlackElo "2396"]
[PlyCount "72"]
[EventDate "2008.07.??"]
[EventType "swiss"]
[EventRounds "9"]
[EventCountry "ESP"]
[SourceDate "2008.07.04"]

1. c4 e5 2. Nc3 Nf6 3. g3 Nc6 4. Bg2 Bc5 5. e3 d5 6. Nxd5 Nxd5 7. cxd5 Nb4 8.
Qb3 c6 9. dxc6 Bf5 10. cxb7 Rb8 11. Ne2 Nc2+ 12. Kf1 O-O 13. Qc3 Bb4 14. Qxe5
Qd3 15. Rb1 Bg4 16. f3 Rfe8 17. Qf4 Bd7 18. Kf2 Bd6 19. Qh4 Bc5 20. Qg5 Bb6 21.
Nf4 Qd6 22. Nh5 Bd4 23. Bf1 h6 24. Qf4 Be5 25. Qc4 Bf5 26. d3 Nb4 27. e4 Be6
28. Qb5 Bd7 29. Qc4 Be6 30. Qb5 Bd7 31. Qc4 Rxb7 32. Nf4 Rc8 33. Qb3 Rc2+ 34.
Be2 Bxf4 35. Bxf4 Nxd3+ 36. Kf1 Bh3+ 0-1

[Event "Barbera del Valles"]
[Site "XXXI Open del Valles"]
[Date "2008.07.07"]
[Round "3"]
[White "Fluvia Poyatos, Jordi"]
[Black "Capellades Subirana, Marc"]
[Result "1-0"]
[WhiteElo "2500"]
[BlackElo "2265"]
[PlyCount "63"]
[EventDate "2008.07.??"]
[EventType "swiss"]
[EventRounds "9"]
[EventCountry "ESP"]
[SourceDate "2008.07.04"]

1. e4 e5 2. Nf3 Nc6 3. Bb5 a6 4. Ba4 Bc5 5. c3 d6 6. d4 exd4 7. cxd4 Bb4+ 8.
Nc3 Bd7 9. O-O Bxc3 10. bxc3 Nge7 11. Rb1 b5 12. Bc2 O-O 13. Re1 Na5 14. Bg5 f6
15. Bh4 Ng6 16. Bg3 Bg4 17. h3 Be6 18. d5 Bf7 19. Nd4 Qd7 20. a4 Rfb8 21. axb5
axb5 22. Bd3 Nc4 23. Qe2 Ne7 24. Bxc4 bxc4 25. Qxc4 Re8 26. Qb5 Qc8 27. c4 Ra6
28. c5 Qa8 29. cxd6 cxd6 30. Qd7 Nc8 31. Nc6 Na7 32. Rb7 1-0

[Event "Barbera del Valles"]
[Site "XXXI Open del Valles"]
[Date "2008.07.07"]
[Round "3"]
[White "Barbero Senidic, Alejandro"]
[Black "Perpinya Rofes, Lluis Maria"]
[Result "0-1"]
[WhiteElo "2244"]
[BlackElo "2385"]
[PlyCount "118"]
[EventDate "2008.07.??"]
[EventType "swiss"]
[EventRounds "9"]
[EventCountry "ESP"]
[SourceDate "2008.07.04"]

1. e4 c5 2. Nf3 Nc6 3. d4 cxd4 4. Nxd4 Nf6 5. Nc3 d6 6. Bc4 e6 7. Be3 a6 8. Qe2
Qc7 9. Bb3 Na5 10. g4 b5 11. g5 Nd7 12. Bxe6 fxe6 13. Nxe6 Qc4 14. Qxc4 Nxc4
15. Nc7+ Kd8 16. Nxa8 Nxe3 17. fxe3 Bb7 18. a4 b4 19. Nd5 Bxa8 20. Nxb4 Bxe4
21. Rf1 a5 22. Nd3 Be7 23. Nf4 Nc5 24. O-O-O Kd7 25. Nd5 Bxd5 26. Rxd5 Ke6 27.
Rfd1 h6 28. g6 Rf8 29. R5d4 Rf6 30. Rg1 Rf3 31. Rf4 Rxe3 32. h4 Bf6 33. Kd2 Re5
34. b3 d5 35. Re1 Rxe1 36. Kxe1 Ke5 37. Rf1 Bxh4+ 38. Kd2 Bg5+ 39. Kc3 Ne4+ 40.
Kd3 Bf6 41. c3 Ke6 42. b4 Bxc3 43. b5 Bf6 44. b6 Nc5+ 45. Kd2 h5 46. Rb1 Be5
47. b7 Nd7 48. Rh1 Kd6 49. Rb1 Kc6 50. Rb5 Bc7 51. Kd3 Bb6 52. Rb1 Ne5+ 53. Ke2
Kxb7 54. Rf1 Kc6 55. Rf6+ Kc7 56. Re6 Nd7 57. Kf3 Bd4 58. Ra6 Bb6 59. Ra8 Nb8
0-1

[Event "Barbera del Valles"]
[Site "XXXI Open del Valles"]
[Date "2008.07.07"]
[Round "3"]
[White "Alonso Moyano, Jonathan"]
[Black "Ravot, Sylvain"]
[Result "1-0"]
[WhiteElo "2372"]
[BlackElo "2236"]
[PlyCount "91"]
[EventDate "2008.07.??"]
[EventType "swiss"]
[EventRounds "9"]
[EventCountry "ESP"]
[SourceDate "2008.07.04"]

1. e4 c5 2. Nf3 d6 3. d4 cxd4 4. Nxd4 Nf6 5. Nc3 e5 6. Nf3 Be7 7. Bc4 O-O 8.
O-O Bg4 9. h3 Bh5 10. Qd3 Nbd7 11. Nd2 Rc8 12. Nd5 Nc5 13. Nxf6+ Bxf6 14. Qd5
Qc7 15. f4 Ne6 16. g4 Nxf4 17. Rxf4 exf4 18. gxh5 Qb6+ 19. Kh1 Qf2 20. Qd3 f3
21. Qf1 Qxf1+ 22. Bxf1 Rxc2 23. Bd3 Bxb2 24. Bxc2 Bxa1 25. Ba3 f2 26. Kg2 Rc8
27. Bb3 Rc3 28. Bxd6 Rd3 29. Bf4 Bc3 30. Nf1 h6 $11 31. Bc2 Rd8 32. Kxf2 Rc8
33. Bb3 Rc5 34. Bd5 Bd4+ 35. Kf3 Rc3+ 36. Kg4 b5 37. Ng3 Rc2 38. Nf5 Bc5 39.
Bd6 b4 40. Ne7+ Kf8 41. Ng6+ Kg8 42. Bxc5 Rxc5 43. Ne5 Rb5 44. Bxf7+ Kf8 45.
Bd5 a5 46. Ng6+ 1-0

[Event "Barbera del Valles"]
[Site "XXXI Open del Valles"]
[Date "2008.07.07"]
[Round "3"]
[White "Ryan, Joseph"]
[Black "Butuc, Maria"]
[Result "1-0"]
[WhiteElo "2331"]
[BlackElo "2188"]
[PlyCount "125"]
[EventDate "2008.07.??"]
[EventType "swiss"]
[EventRounds "9"]
[EventCountry "ESP"]
[SourceDate "2008.07.04"]

1. e4 c6 2. d4 d5 3. Nc3 dxe4 4. Nxe4 Bf5 5. Nc5 b6 6. Nb3 e6 7. Nf3 Nf6 8. g3
Be7 9. Bg2 h6 10. O-O O-O 11. Qe2 Qc7 12. Ne5 Nfd7 13. Nc4 Bg5 14. f4 Bf6 15.
Ne3 Bh7 16. Rd1 a5 17. a4 Na6 18. c3 Rfe8 19. Bd2 Nf8 20. Be1 Ng6 21. Bf2 Be7
22. Qc4 Rec8 23. Ng4 Bd6 24. Ne5 Ne7 25. Nd2 Nd5 26. Ne4 Bf8 27. Rd2 Nb8 28.
Kh1 Nd7 29. Bg1 Rab8 30. Re2 Nxe5 31. dxe5 Rd8 32. Bd4 Bg6 33. Ree1 Qd7 34. Qe2
Qc7 35. Qf3 c5 36. Bg1 Bxe4 37. Rxe4 Ne7 38. Rae1 Rd2 39. R4e2 Rbd8 40. Qb7
Qxb7 41. Bxb7 h5 42. Kg2 Nf5 43. Ba6 Be7 44. Rxd2 Rxd2+ 45. Re2 Rd1 46. Bf2 Kf8
47. Be1 Rd8 48. Rd2 Rxd2+ 49. Bxd2 Ke8 50. Bb5+ Kd8 51. Kf3 f6 52. Ke4 h4 53.
g4 Nh6 54. exf6 gxf6 55. g5 fxg5 56. fxg5 Nf5 57. Ke5 Ng7 58. g6 Bf8 59. Bg5+
Be7 60. Bh6 Bf8 61. Bxg7 Bxg7+ 62. Kxe6 Bh6 63. Kf7 1-0

[Event "Barbera del Valles"]
[Site "XXXI Open del Valles"]
[Date "2008.07.07"]
[Round "3"]
[White "Danelia, Mariam"]
[Black "Douriet, Alexis"]
[Result "0-1"]
[WhiteElo "2185"]
[BlackElo "2315"]
[PlyCount "78"]
[EventDate "2008.07.??"]
[EventType "swiss"]
[EventRounds "9"]
[EventCountry "ESP"]
[SourceDate "2008.07.04"]

1. d4 Nf6 2. c4 g6 3. Nc3 Bg7 4. e4 d6 5. f3 O-O 6. Be3 c6 7. Bd3 a6 8. Qd2 b5
9. Nge2 Nbd7 10. O-O e5 11. Rac1 exd4 12. Nxd4 Bb7 13. cxb5 cxb5 14. b3 Re8 15.
Bf2 Ne5 16. Be2 d5 17. exd5 Nxd5 18. Nxd5 Qxd5 19. Qf4 h5 20. Rcd1 Ng4 21. Nxb5
Be5 22. Qc1 Bxh2+ 23. Kh1 Nxf2+ 24. Rxf2 Qe5 25. Nd6 Bf4 26. Qc4 Qf6 27. Qxf7+
Qxf7 28. Nxf7 Kxf7 29. Rd7+ Re7 30. Bc4+ Kf6 31. Rxe7 Kxe7 32. Re2+ Kd7 33. Bf7
Rd8 34. Bxg6 Kc7 35. Re1 h4 36. Bf5 Rd2 37. a4 a5 38. Be6 Kd6 39. Kg1 Bg3 0-1

[Event "Barbera del Valles"]
[Site "XXXI Open del Valles"]
[Date "2008.07.07"]
[Round "3"]
[White "Chalmeta Ugas, Ramon"]
[Black "Mestre Bellido, Hector"]
[Result "0-1"]
[WhiteElo "2175"]
[BlackElo "2284"]
[PlyCount "42"]
[EventDate "2008.07.??"]
[EventType "swiss"]
[EventRounds "9"]
[EventCountry "ESP"]
[SourceDate "2008.07.04"]

1. e4 e5 2. Nf3 Nc6 3. d4 exd4 4. Nxd4 Bc5 5. Nb3 Bb6 6. Nc3 d6 7. a4 a6 8. Nd5
Ba7 9. Qf3 Be6 10. Qg3 Bxd5 11. exd5 Nb4 12. Qxg7 Qf6 13. Qxf6 Nxf6 14. Kd1 Ng4
15. Ke2 Nxf2 16. Rg1 Nxc2 17. Rb1 O-O-O 18. Kf3 Ne1+ 19. Ke2 Rde8+ 20. Kd2 Ne4+
21. Kxe1 Nc3+ 0-1

[Event "Barbera del Valles"]
[Site "XXXI Open del Valles"]
[Date "2008.07.07"]
[Round "3"]
[White "Costa Trave, Jaume"]
[Black "Tsatsalashvili, Keti"]
[Result "0-1"]
[WhiteElo "2027"]
[BlackElo "2271"]
[PlyCount "82"]
[EventDate "2008.07.??"]
[EventType "swiss"]
[EventRounds "9"]
[EventCountry "ESP"]
[SourceDate "2008.07.04"]

1. d4 Nf6 2. Nc3 d5 3. Bf4 e6 4. e3 Bd6 5. Nh3 O-O 6. Bd3 c5 7. dxc5 Bxc5 8.
Nb5 Nc6 9. Bg5 h6 10. Bh4 Be7 11. c3 e5 12. a4 a6 13. Na3 Re8 14. Nc2 Be6 15.
f3 Bxh3 16. gxh3 Qd7 17. Bf1 Rad8 18. Qe2 Qc8 19. Rd1 Na5 20. Qg2 Nh7 21. Bxe7
Rxe7 22. Rg1 f5 23. Be2 Kh8 24. Kf1 Nc6 25. Qg6 Nf8 26. Qh5 Qe6 27. Na3 Qf6 28.
Nc2 Kh7 29. f4 e4 30. Bxa6 bxa6 31. Qe2 a5 32. Na3 Rb7 33. Nb5 Ne6 34. Rd2 Nc5
35. Qd1 Nd3 36. Rdg2 Qh4 37. Ke2 Qh5+ 38. Kd2 Qxd1+ 39. Rxd1 Rdd7 40. Kc2 Na7
41. Nxa7 Rxb2# 0-1

[Event "Barbera del Valles"]
[Site "XXXI Open del Valles"]
[Date "2008.07.07"]
[Round "3"]
[White "Debray, Tristan"]
[Black "Lasinskas, Povilas"]
[Result "1/2-1/2"]
[WhiteElo "2145"]
[BlackElo "2269"]
[PlyCount "191"]
[EventDate "2008.07.??"]
[EventType "swiss"]
[EventRounds "9"]
[EventCountry "ESP"]
[SourceDate "2008.07.04"]

1. e4 c5 2. Nc3 Nc6 3. g3 g6 4. Bg2 Bg7 5. d3 e6 6. Be3 d6 7. Qd2 Rb8 8. f4 b5
9. e5 Nd4 10. exd6 Qxd6 11. Ne4 Qb6 12. c3 f5 13. Nxc5 Qxc5 14. Bxd4 Bxd4 15.
cxd4 Qxd4 16. Bc6+ Kf7 17. Nf3 Qd6 18. Qc3 Nf6 19. Rc1 Rd8 20. O-O Kg7 21. Rfd1
Ba6 22. Qe5 h6 23. Qxd6 Rxd6 24. Ne5 Ng4 25. Nxg4 fxg4 26. Be4 Rbd8 27. b4 Kf6
28. Rc5 Rd4 29. Rb1 R8d7 30. Kf2 Bb7 31. Bxb7 Rxb7 32. Ke3 Rbd7 33. Rb3 a6 34.
a3 R4d6 35. Rbc3 h5 36. Re5 Rh7 37. Rg5 Rhd7 38. Rgc5 Rb7 39. Rc6 Rbd7 40. Rxd6
Rxd6 41. d4 a5 42. bxa5 Ra6 43. Rb3 Rxa5 44. Ke4 Ke7 45. Kd3 Kd6 46. Rc3 Ra4
47. Rb3 Ra5 48. Rc3 Ra4 49. Rb3 $11 Ke7 50. Ke4 Kf6 51. Rxb5 Rxa3 52. Rb2 Ra1
53. Ke3 Rh1 54. Rf2 Kf5 55. Re2 Ra1 56. Rd2 Ra5 57. Re2 Ra3+ 58. Kf2 Rd3 59.
Re5+ Kf6 60. Re4 Rd2+ 61. Kg1 Kf7 62. Kh1 Ke7 63. Kg1 Kd6 64. Kh1 Rc2 65. Kg1
Rc1+ 66. Kg2 Rc2+ 67. Kg1 Rc6 68. Re5 Rc1+ 69. Kg2 Rc2+ 70. Kg1 Rd2 71. Re4 Ke7
72. Kh1 Kf6 73. Kg1 Ra2 74. Kh1 Ra5 75. Kg2 Kf5 76. Re2 Rd5 77. Rd2 Rd6 78. h3
h4 79. gxh4 gxh3+ 80. Kxh3 Kxf4 81. Rf2+ Ke4 82. Rf6 Kxd4 83. Rxg6 Ke5 84. h5
Kf5 85. Rg8 e5 86. Kh4 e4 87. Rf8+ Ke5 88. Re8+ Kd4 89. Kg5 Rd5+ 90. Kg4 Rd6
91. Kg5 Rd5+ 92. Kg4 e3 93. h6 Rd7 94. Kg5 Kd3 95. Kg6 Rd6+ 96. Kg7 1/2-1/2

[Event "Barbera del Valles"]
[Site "XXXI Open del Valles"]
[Date "2008.07.07"]
[Round "3"]
[White "Sadrija, Enver"]
[Black "Losada Cabrera, Francisco Javier"]
[Result "1-0"]
[WhiteElo "2265"]
[BlackElo "2165"]
[PlyCount "157"]
[EventDate "2008.07.??"]
[EventType "swiss"]
[EventRounds "9"]
[EventCountry "ESP"]
[SourceDate "2008.07.04"]

1. e4 c5 2. Nf3 d6 3. Bc4 e6 4. d4 cxd4 5. Nxd4 Nf6 6. Bd3 Nc6 7. c3 Be7 8. O-O
O-O 9. Qe2 e5 10. Nb3 d5 11. exd5 Nxd5 12. Rd1 Qc7 13. Bc2 Nf6 14. Bg5 Bg4 15.
f3 Be6 16. N1d2 Rfd8 17. Rac1 Rac8 18. Nf1 Na5 19. Ne3 Nxb3 20. axb3 Qb6 21. b4
h6 22. Bh4 a5 23. bxa5 Qxa5 24. Kh1 Rxd1+ 25. Rxd1 Rd8 26. Bg3 Nh5 27. b4 Rxd1+
28. Qxd1 Qc7 29. Be1 Bg5 30. Qd3 Bxe3 31. Qxe3 f5 32. Kg1 Nf6 33. Bg3 Nd7 34.
f4 e4 35. Qd4 Qc4 36. Qxc4 Bxc4 37. Kf2 b5 38. Ke3 Kf7 39. Kd4 Ke6 40. Bf2 Kd6
41. g4 g6 42. Bh4 Nf8 43. Bf6 Ne6+ 44. Ke3 Bd5 45. h3 Bc4 46. Bd1 Bf1 47. h4
Bh3 48. gxf5 gxf5 49. Be2 Kc6 50. Be5 Nd8 51. c4 bxc4 52. Bxc4 Bg4 53. Kd4 Kb6
54. b5 Bf3 55. Kc3 Nb7 56. Kb4 h5 57. Bd5 Be2 58. Bd4+ Kc7 59. b6+ Kb8 60. Be5+
Ka8 61. Kc3 Bf3 62. Kd4 Bg2 63. Bd6 Bf3 64. Bc7 Bg2 65. Bd6 Bh3 66. Bc6 e3 67.
Bb4 e2 68. Ke3 Bg4 69. Kf2 Kb8 70. Bb5 Nd8 71. Ba6 Nc6 72. Bd6+ Ka8 73. Bc8 Nb8
74. Be6 Nc6 75. Bd5 Kb7 76. Bc7 Bh3 77. Kxe2 Bg4+ 78. Kd3 Bh3 79. Kc4 1-0

[Event "Barbera del Valles"]
[Site "XXXI Open del Valles"]
[Date "2008.07.07"]
[Round "3"]
[White "Sanchez Romero, Miguel Angel"]
[Black "Leroy, Christophe"]
[Result "0-1"]
[WhiteElo "2259"]
[BlackElo "2157"]
[PlyCount "98"]
[EventDate "2008.07.??"]
[EventType "swiss"]
[EventRounds "9"]
[EventCountry "ESP"]
[SourceDate "2008.07.04"]

1. e4 e5 2. Nf3 Nc6 3. Bb5 Bc5 4. O-O Qf6 5. c3 Nge7 6. Nxe5 Qxe5 7. d4 Nxd4 8.
cxd4 Bxd4 9. Na3 O-O 10. Bd3 d6 11. Kh1 Qf6 12. f4 Bd7 13. Nc2 Bb6 14. Rb1 Rad8
15. b4 Qh4 16. f5 Nc6 17. Rf4 Qf6 18. Rg4 Ne5 19. Rg3 h6 20. Ne3 Nxd3 21. Qxd3
Qd4 22. Qc2 Rfe8 23. Bb2 Qxe4 24. Qxe4 Rxe4 25. Nd5 Bd4 26. Nf6+ Bxf6 27. Bxf6
Rde8 28. Rxg7+ Kf8 29. h3 Bxf5 30. Rg3 Re1+ 31. Rxe1 Rxe1+ 32. Kh2 Bg6 33. Ra3
a6 34. b5 axb5 35. Ra8+ Re8 36. Bg7+ Ke7 37. Rxe8+ Kxe8 38. Bxh6 b4 39. Bd2 c5
40. g4 Bb1 41. h4 Bxa2 42. Kg3 Bb1 43. Kf4 f6 44. g5 fxg5+ 45. hxg5 Kf7 46. Ke3
d5 47. Ke2 b3 48. Bc1 c4 49. Kd1 Bc2+ 0-1

[Event "Barbera del Valles"]
[Site "XXXI Open del Valles"]
[Date "2008.07.07"]
[Round "3"]
[White "Vigo Allepuz, David"]
[Black "Obon Temprano, Sergi"]
[Result "1/2-1/2"]
[WhiteElo "2156"]
[BlackElo "2211"]
[PlyCount "58"]
[EventDate "2008.07.??"]
[EventType "swiss"]
[EventRounds "9"]
[EventCountry "ESP"]
[SourceDate "2008.07.04"]

1. d4 d5 2. Nf3 Nf6 3. Bg5 e6 4. e3 Be7 5. Bd3 O-O 6. Nbd2 Nbd7 7. O-O b6 8. c4
Bb7 9. Rc1 h6 10. Bh4 c5 11. Qe2 Ne4 12. Bxe7 Qxe7 13. cxd5 exd5 14. Ba6 Ndf6
15. Bxb7 Qxb7 16. Nxe4 dxe4 17. Ne5 cxd4 18. exd4 Qd5 19. Qc4 Rac8 20. Nc6 Rc7
21. Qxd5 Nxd5 22. b4 Nf4 23. Rc2 b5 24. Rd1 Rfc8 25. Ne7+ Kf8 26. Nxc8 Rxc2 27.
Nxa7 Nd3 28. Rf1 Rxa2 29. Nxb5 Nxb4 1/2-1/2

[Event "Barbera del Valles"]
[Site "XXXI Open del Valles"]
[Date "2008.07.07"]
[Round "3"]
[White "Leks, Hanna"]
[Black "Hernandez Casillas, Joan Josep"]
[Result "1/2-1/2"]
[WhiteElo "2198"]
[BlackElo "2150"]
[PlyCount "121"]
[EventDate "2008.07.??"]
[EventType "swiss"]
[EventRounds "9"]
[EventCountry "ESP"]
[SourceDate "2008.07.04"]

1. e4 c6 2. d4 d5 3. Nc3 dxe4 4. Nxe4 Bf5 5. Ng3 Bg6 6. h4 h6 7. f4 e6 8. Nf3
Nd7 9. h5 Bh7 10. Bd3 Bxd3 11. Qxd3 Bd6 12. Bd2 Qc7 13. Ne5 Ngf6 14. O-O-O Rf8
15. Ne4 Nxe4 16. Qxe4 Nf6 17. Qf3 O-O-O 18. g4 c5 19. dxc5 Qxc5 20. Be3 Qa5 21.
Nc4 Qa6 22. Nxd6+ Rxd6 23. Rxd6 Qxd6 24. c4 Qa6 25. Kb1 Rd8 26. g5 Ng8 27. Qe4
Ne7 28. Bd4 Nf5 29. gxh6 gxh6 30. Bf2 Qa4 31. b3 Qa5 32. Qe5 Qa3 33. Qc3 Qa6
34. Rg1 Qd6 35. Bxa7 Qxf4 36. Bb6 Re8 37. Rd1 Ne7 38. Kb2 Nc6 39. Qd3 Qf6+ 40.
Ka3 Qe7+ 41. c5 e5 42. b4 Nd4 43. Kb2 Rg8 44. Rd2 f6 45. Qc4 Rg5 46. c6 Rg4 47.
c7 Qd6 48. Ba5 b6 49. Qa6+ Kxc7 50. Qa7+ Kc8 51. Qxb6 Qxb6 52. Bxb6 Nc6 53. a3
Nxb4 54. Bd8 Nc6 55. Bxf6 Kc7 56. Kc3 Rg3+ 57. Kc4 Rxa3 58. Kd5 Ra5+ 59. Ke6 e4
60. Re2 Rxh5 61. Rxe4 1/2-1/2

[Event "Barbera del Valles"]
[Site "XXXI Open del Valles"]
[Date "2008.07.07"]
[Round "3"]
[White "Villa Izquierdo, Roberto"]
[Black "Moreto Quintana, Alex"]
[Result "1-0"]
[WhiteElo "2161"]
[BlackElo "2124"]
[PlyCount "119"]
[EventDate "2008.07.??"]
[EventType "swiss"]
[EventRounds "9"]
[EventCountry "ESP"]
[SourceDate "2008.07.04"]

1. d4 d5 2. e3 Nf6 3. Bd3 c5 4. c3 b6 5. f4 g6 6. Nf3 Bg7 7. O-O O-O 8. Re1 Bf5
9. Ne5 Bxd3 10. Nxd3 Ne4 11. Nd2 Nxd2 12. Bxd2 Nd7 13. Qf3 c4 14. Nf2 e6 15. e4
dxe4 16. Nxe4 Nf6 17. g4 Nxe4 18. Qxe4 Qd5 19. Re2 Rfd8 20. Rae1 b5 21. h4 h5
22. f5 Qxe4 23. Rxe4 gxf5 24. gxf5 exf5 25. Re7 Bf6 26. Rb7 Rdb8 27. Rxb8+ Rxb8
28. Rf1 Re8 29. Rxf5 Re2 30. Bg5 Bxg5 31. Rxg5+ Kf8 32. Rxb5 Kg7 33. a4 Kf6 34.
a5 a6 35. Rxh5 Rxb2 36. Rc5 Ra2 37. h5 Ra3 38. Rxc4 Rxa5 39. Rc6+ Kg7 40. h6+
Kh7 41. Kf2 Ra1 42. Ke2 a5 43. d5 Ra2+ 44. Kd3 Ra1 45. Kc2 a4 46. Kb2 Rd1 47.
c4 f5 48. Rf6 Rd4 49. Kc3 Rf4 50. c5 Rf3+ 51. Kb2 a3+ 52. Ka2 Rc3 53. c6 f4 54.
Rxf4 Kxh6 55. Rd4 Kg6 56. d6 Rc2+ 57. Kxa3 Rxc6 58. d7 Ra6+ 59. Kb4 Ra8 60.
d8=Q 1-0

[Event "Barbera del Valles"]
[Site "XXXI Open del Valles"]
[Date "2008.07.07"]
[Round "3"]
[White "Companyo Pagerols, Josep Maria"]
[Black "Ridameya Tatche, Jose Miguel"]
[Result "0-1"]
[WhiteElo "2090"]
[BlackElo "2133"]
[PlyCount "124"]
[EventDate "2008.07.??"]
[EventType "swiss"]
[EventRounds "9"]
[EventCountry "ESP"]
[SourceDate "2008.07.04"]

1. e4 e5 2. d4 exd4 3. c3 d5 4. exd5 Qxd5 5. cxd4 Nc6 6. Be3 Bb4+ 7. Nc3 Nf6 8.
Nge2 Bg4 9. a3 Bxc3+ 10. bxc3 O-O 11. Rc1 Rfe8 12. h3 Bh5 13. Qd2 Qb3 14. Nf4
Qxa3 15. Bd3 Rad8 16. O-O Bg6 17. Nxg6 hxg6 18. Ra1 Qd6 19. Bf4 Qd7 20. Rfb1
Rb8 21. Qa2 Nd5 22. Bd2 Qd6 23. Bc4 Red8 24. Rb5 Nce7 25. Qb2 Nb6 26. Bb3 a6
27. Re5 Nc6 28. Re4 Re8 29. Bf4 Qd7 30. Rae1 Rxe4 31. Rxe4 Nd5 32. Bg3 Nf6 33.
Re3 Rc8 34. Bc4 b5 35. Be2 Nh5 36. Bh2 Re8 37. Rxe8+ Qxe8 38. Bd3 Qd7 39. Qa2
Nxd4 40. cxd4 Qxd4 41. Bf1 Qb6 42. Qe2 Nf6 43. Qe7 c5 44. Qc7 Qxc7 45. Bxc7 Nd5
46. Ba5 c4 47. Be2 f5 48. Kf1 Kf7 49. Ke1 Ke6 50. Bf3 Ke5 51. Kd2 g5 52. Bc3+
Nxc3 53. Kxc3 Kd6 54. Kb4 Ke5 55. Kc3 Kd6 56. Kd4 a5 57. g3 a4 58. Bh5 a3 59.
Kc3 b4+ 60. Kc2 b3+ 61. Kc3 a2 62. Kb2 c3+ 0-1

[Event "Barbera del Valles"]
[Site "XXXI Open del Valles"]
[Date "2008.07.08"]
[Round "4"]
[White "Perez Mitjans, Orelvis"]
[Black "Corrales Jimenez, Fidel"]
[Result "0-1"]
[WhiteElo "2441"]
[BlackElo "2504"]
[PlyCount "146"]
[EventDate "2008.07.??"]
[EventType "swiss"]
[EventRounds "9"]
[EventCountry "ESP"]
[SourceDate "2008.07.04"]

1. e4 c5 2. Nf3 d6 3. d4 cxd4 4. Nxd4 Nf6 5. Nc3 a6 6. Bg5 e6 7. f4 Qb6 8. Qd2
Qxb2 9. Nb3 Qa3 10. Bxf6 gxf6 11. Be2 Nd7 12. O-O h5 13. Kh1 Be7 14. Nb1 Qa4
15. c4 Nc5 16. Nc3 Qc6 17. Bf3 Qc7 18. Rab1 h4 19. Nxc5 dxc5 20. Na4 b5 21. e5
Bb7 22. Bxb7 Qxb7 23. exf6 Bxf6 24. Nxc5 Qc6 25. Qe3 h3 26. Ne4 hxg2+ 27. Kxg2
Rd8 28. Qf3 Ke7 29. cxb5 Qc2+ 30. Nf2 Bd4 31. Rbc1 Qh7 32. Rc7+ Kf8 33. Qa3+
Kg8 34. Rg1 Bg7 35. Qe7 Rf8 36. bxa6 Qxh2+ 37. Kf1 Qxf4 38. a7 Ra8 39. Rd7 Rh2
40. Rg2 Rxg2 41. Kxg2 Bd4 42. Qd8+ Rxd8 43. Rxd8+ Kh7 44. Rxd4 Qg5+ 45. Ng4 Qa5
46. Rd7 Kg6 47. Ne5+ Kf5 48. Nc4 Qxa2+ 49. Kg3 f6 50. Rb7 e5 51. Nb6 Qb3+ 52.
Kf2 Qc2+ 53. Kf1 Qd3+ 54. Kf2 Qd2+ 55. Kf1 Qf4+ 56. Kg2 Qe4+ 57. Kg3 Qxb7 58.
a8=Q Qxb6 59. Qc8+ Qe6 60. Qb8 e4 61. Kf2 Kg5 62. Ke3 Qg4 63. Qg8+ Kh4 64. Qh7+
Kg3 65. Qc7+ Kg2 66. Qc2+ Kh3 67. Qc7 Qf3+ 68. Kd2 f5 69. Qh7+ Kg2 70. Qg6+ Kf1
71. Qh6 f4 72. Qh7 e3+ 73. Kc2 e2 0-1